000 00983nam a22002652 4500
001 0000025241
005 20151217145954.0
008 150330s xx 000 0 eng d
020 _a9350280485 :
040 _aKABU
_cKABU
245 1 0 _aSyed khalid Rashid's muslim law /
_crevised by V.P. Bharatiya.
250 _a5th ed.
260 _aLucknow :
_beastern Book Company,
_c2009.
300 _axxviii, 439 p.
650 0 _aIslamic law
_zIndia.
_@0000185728
650 0 _aMuslims
_xLegal status, laws, etc.
_zIndia.
_@0000185729
700 1 _aBharatiya, V.P.
_@0000185730
852 1 _9p2700 KES
852 1 _9p2700 KES
852 1 _9p2700 KES
852 1 _9p2700 KES
852 1 _9p2700 KES
908 _a150330
950 _@1
999 _c4650
_d4650